| 000 | 00452cam a22001337a 4500 | ||
|---|---|---|---|
| 008 | 180718b1987 xxu||||| |||| 00| 0 eng d | ||
| 082 | _aAPPPA 86-87 PIY | ||
| 100 | _aPiyatissa, A.G. | ||
| 245 |
_aPublic service and disciplinary procedure in Sri Lanka-India _cby A.G. Piyatissa |
||
| 260 |
_aNew Delhi _bIndian Institute of Public Administration _c1987 |
||
| 300 | _a141p. | ||
| 650 | _aDisciplinary procedure-Sri Lanka-India | ||
| 650 | _aPublic service | ||
| 999 |
_c501437 _d501437 |
||